00399nam a22001217a 4500008004100000020001800041050001500059245008400074260003000158300001600188500004900204650002400253150924e2012 M |||| |||| 00| 0 spa d a9788415735069 aHG4026 N83 1aNuevas Tendencias en Fianazas Corporativasb: Bases conceptuales y aplicaciones aEspañab: ACCIDc, 2012 a260 paginas aContabilidad y direccion, Num. 15 año 2012 1aEMPRESAS Y FIANAZAS